000 00344nam a22001577a 4500
005 20220127140514.0
008 040317d2001 mx r 00110 spa d
010 _a88178
011 _a89150
035 _a99699
090 _aFolleto
245 0 _c/por
260 _a:
_c199
590 _aCONVERSION
_b10
_c20130109
_lUCH01
_h1349
901 _aBK
999 _c88178
_d88178